00619 2200229 4500001002100000005001500021035002000036007000300056008004100059020002200100082001000122084001600132100002100148245006600169260003600235300003500271500001400306650002200320504002500342990001100367990001100378INLIS00000000000645920210222013930 a0010-0221000223ta210222 g 0 ind  a978-979-662-369-3 a303.4 a303.4 VIN p0 aVINA, Dwi Laning1 aPerubahan Sosial Masyarakat Masa Reformasi /cVina Dwi Laning aKlaten :bCempaka Putih,c[s.a] aiv, 68 hal. :bilus. ;c25 cm. aGlosarium 4aSOSIAL, PERUBAHAN aBibliografi : hal.68 a7872 a a7872 b